MLB Team Colors and Division - Statistics

General Stats
  • This quiz has been taken 1,223 times
  • The average score is 18 of 30
Answer Stats
Division and Color Answer % Correct
AL EAST: Black, Orange, White Baltimore Orioles
94%
AL EAST: Red, White Boston Red Sox
91%
AL EAST: Grey, White, Blue New York Yankees
89%
AL EAST: Black, Blue, Graphite, Silver, White Toronto Blue Jays
86%
NL EAST: Blue, Orange New York Mets
78%
AL EAST: Gold, Navy Blue, Columbia Blue, White Tampa Bay Rays
73%
AL CENTRAL: White, Royal Blue Kansas City Royals
70%
NL EAST: Navy Blue, Red Atlanta Braves
68%
NL EAST: Blue, Red, White Philadelphia Phillies
66%
NL EAST: Black, Teal, Silver, White Miami Marlins
65%
AL CENTRAL: Black, Silver, White Chicago White Sox
64%
AL CENTRAL: Navy Blue, Orange Detroit Tigers
64%
NL EAST: Gold, Navy Blue, Red, White Washington Nationals
62%
AL CENTRAL: Navy Blue, Red, White Cleveland Indians
59%
AL CENTRAL: Navy Blue, Red, White Minnesota Twins
59%
NL CENTRAL: Blue, Red, White Chicago Cubs
58%
NL CENTRAL: Gold, Navy Blue, White Milwaukee Brewers
57%
NL CENTRAL: Black, Gold, White Pittsburgh Pirates
57%
NL CENTRAL: Black, Red, White Cincinnati Reds
55%
AL WEST: Gold, Green Oakland Athletics
55%
NL WEST: White, Dodger Blue Los Angeles Dodgers
54%
AL WEST: Navy Blue, Silver, Northwest Green Seattle Mariners
47%
NL CENTRAL: Navy Blue, Red, White St. Louis Cardinals
47%
NL WEST: Black, Sedona Red, Sand Arizona Diamondbacks
43%
NL WEST: Black, Silver, White, Purple Colorado Rockies
43%
NL WEST: Black, Gold, Cream, Orange San Francisco Giants
43%
NL WEST: Midnight Blue, White, Sand San Diego Padres
41%
AL WEST: Navy Blue, Silver, Red, White Los Angeles Angels
40%
NL CENTRAL: Brick Red, Sand, Black Houston Astros
36%
AL WEST: Blue, Red, White Texas Rangers
17%
No matching quizzes found
Score Distribution
Percent of People with Each Score
Percentile by Number Answered
Your Score History
You have not taken this quiz